Bệnh thường gặp ở chó mèo và cách phòng trị

Enregistré dans:
Détails bibliographiques
Auteur principal: Vương, Đức Chất
Format: Livre
Langue:Undetermined
Publié: Hà Nội Nông nghiệp 2004
Sujets:
Tags: Ajouter un tag
Pas de tags, Soyez le premier à ajouter un tag!
Thư viện lưu trữ: Trung tâm Học liệu Trường Đại học Cần Thơ
LEADER 00655nam a2200205Ia 4500
001 CTU_88148
008 210402s9999 xx 000 0 und d
020 |c 16000 
082 |a 636.7089 
082 |b Ch124 
100 |a Vương, Đức Chất 
245 0 |a Bệnh thường gặp ở chó mèo và cách phòng trị 
245 0 |c Vương Đức Chất, Lê Thị Tài 
260 |a Hà Nội 
260 |b Nông nghiệp 
260 |c 2004 
650 |a Cats,Dogs,Veterinary medicine,Dogs 
650 |x Diseases,Diseases,Parasites 
904 |i Tuyến 
980 |a Trung tâm Học liệu Trường Đại học Cần Thơ